| 000 | 00602nam a22001217a 4500 | ||
|---|---|---|---|
| 040 | _cRUA | ||
| 082 | _aVEM CHH 2025 B705 Or. | ||
| 100 | _aCHHOEURN RATH,ឈឿន រ័ត្ន | ||
| 245 | _aPathological Lesion Of Lung In Pig With Enzootic Pneumonia At Slaughterhouse in Kampot Province, បម្រែបម្រួលស្លាកស្នាមសួតជ្រូកដែលមានជំងឺ Enzootic Pneumonia នៅសត្តឃាតដ្ឋានខេត្តកំពត | ||
| 260 |
_aPHNOM PENH _bRUA _c2025 |
||
| 300 |
_aix,35p. _bill. _c29cm. |
||
| 942 | _cសារណាបទ | ||
| 999 |
_c25542 _d25542 |
||